000 00802cam a2200205 i 4500
999 _c57876
_d57876
001 20727531
005 20221105204751.0
008 181031s2019 enka b 001 0 eng
020 _a9781138085411 (hardback) 1
080 _a617.7 T- 44
245 1 4 _aThe Routledge handbook of visual impairment /
_cedited by John Ravenscroft.
264 1 _aLondon :
_bRoutledge, Taylor & Francis Group,
_c2019.
300 _a472 pages :
_billustrations ;
_c26 cm.
650 0 _aVision disorders.
_910662
650 0 _aVision disorders
_vCase studies.
_910663
653 _aმხედველობის დაქვეითების სახელმძღვანელო
653 _aმედიცინა
700 _aRavenscroft, John
_eრედაქტორი
_910664
942 _2udc
_cBK